Theory of alternanting-current machinery / (Record no. 89457)
[ view plain ]
| 000 -LEADER | |
|---|---|
| campo de control de longitud fija | 00534nam a2200169 i 4500 |
| 001 - NÚMERO DE CONTROL | |
| campo de control | 89457 |
| 003 - IDENTIFICADOR DE NÚMERO DE CONTROL | |
| campo de control | ES-MaACL |
| 005 - FECHA Y HORA DE LA ÚLTIMA TRANSACCIÓN | |
| campo de control | 20230906180159.0 |
| 007 - CAMPO FIJO DE DESCRIPCIÓN FÍSICA--INFORMACIÓN GENERAL | |
| campo de control de longitud fija | t| |
| 008 - DATOS DE LONGITUD FIJA--INFORMACIÓN GENERAL | |
| campo de control de longitud fija | 050110s1955 xxu ||||1| eng d |
| 100 1# - ENTRADA PRINCIPAL--NOMBRE DE PERSONA | |
| Nombre de persona | Langsdorf, Alexander S. |
| 9 (RLIN) | 70074 |
| 245 10 - MENCIÓN DEL TÍTULO | |
| Título | Theory of alternanting-current machinery / |
| Mención de responsabilidad, etc. | Alexander S. Langsdorf. |
| 250 ## - MENCION DE EDICION | |
| Mención de edición | 2nd ed. |
| 260 ## - PUBLICACIÓN, DISTRIBUCIÓN, ETC. | |
| Lugar de publicación, distribución, etc. | New York, etc. : |
| Nombre del editor, distribuidor, etc. | McGraw-Hill Book Company, |
| Fecha de publicación, distribución, etc. | 1955 ( |
| Fabricante | The Maple Press Company) |
| 300 ## - DESCRIPCIÓN FÍSICA | |
| Extensión | XIX, 666 p. : |
| Otras características físicas | il. ; |
| Dimensiones | 24 cm. |
| 852 ## - LOCALIZACIÓN | |
| Ubicación | ES-MaACL |
| Número de control de estantería | C-10957 |
| Sublocalización o colección | R.39099 |
| Estatus retirado | Estado de pérdida | Estado de daño | No para préstamo | Biblioteca de origen | Biblioteca actual | Ubicación en estantería | Fecha de adquisición | Fuente de adquisición | Total de préstamos | Signatura topográfica completa | Código de barras | Visto por última vez | Precio de reemplazo | Tipo de ítem Koha |
|---|---|---|---|---|---|---|---|---|---|---|---|---|---|---|
| Biblioteca del Ateneo de Madrid | Biblioteca del Ateneo de Madrid | Sala Palomar | 17/01/2008 | C-10957 | 1093426 | 23/02/2023 | 23/02/2023 | Libro impreso |
